000 00957 a2200229 4500
003 Nust
005 20170207154029.0
010 _a 2002038273
020 _a1580533167 (alk. paper)
040 _cNust
082 0 0 _a621.382/24
100 1 _aStavroulakis, Peter.
245 1 0 _aInterference analysis and reduction for wireless systems-(E-BOOK)
_cPeter Stavroulakis.
260 _aBoston, MA :
_bArtech House,
_cc2003.
300 _axix, 407 p. :
_bill. ;
_c25 cm.
490 1 _aMobile communications series
505 _aOverview of Wireless Information Systems 1 Wireless Channel Characterization and Coding 47 Transmission Systems in an Interference Environment 85 Optimal Detection in Fading Channels 155 Interference Analysis 213 Interference Suppression Techniques 275 Applications 329
650 0 _aCelular telephone systems
_xProtection.
650 0 _aRadio
_xInterference.
651 _aE-BOOK
830 0 _aArtech House mobile communications series.
942 _2ddc
_cBK
999 _c192035
_d192035